On human nature (Record no. 58076)
[ view plain ]
| 000 -LEADER | |
|---|---|
| fixed length control field | 00479nam a2200205Ia 4500 |
| 003 - CONTROL NUMBER IDENTIFIER | |
| control field | 0100 |
| 008 - FIXED-LENGTH DATA ELEMENTS--GENERAL INFORMATION | |
| fixed length control field | 130303s9999 xx 000 0 und d |
| 020 ## - INTERNATIONAL STANDARD BOOK NUMBER | |
| International Standard Book Number | 0872204545 |
| 040 ## - CATALOGING SOURCE | |
| Transcribing agency | ARRUPELIB |
| 050 ## - LIBRARY OF CONGRESS CALL NUMBER | |
| Classification number | B415.T5713 1999 |
| 300 ## - PHYSICAL DESCRIPTION | |
| Other physical details | 22cm |
| 100 ## - MAIN ENTRY--PERSONAL NAME | |
| Personal name | Thomas Aquinas, St |
| 245 ## - TITLE STATEMENT | |
| Title | On human nature |
| 260 ## - PUBLICATION, DISTRIBUTION, ETC. (IMPRINT) | |
| Place of publication, distribution, etc | Indianapolis |
| 260 ## - PUBLICATION, DISTRIBUTION, ETC. (IMPRINT) | |
| Name of publisher, distributor, etc | Hackett Publishing Company |
| 260 ## - PUBLICATION, DISTRIBUTION, ETC. (IMPRINT) | |
| -- | 1999 |
| 300 ## - PHYSICAL DESCRIPTION | |
| Extent | 274p. |
| 700 ## - ADDED ENTRY--PERSONAL NAME | |
| Personal name | Hibbs, Thomas S. (ed.) |
| 942 ## - ADDED ENTRY ELEMENTS (KOHA) | |
| Source of classification or shelving scheme | Library of Congress Classification |
| Koha issues (borrowed), all copies | 4 |
| Withdrawn status | Lost status | Source of classification or shelving scheme | Damaged status | Not for loan | Collection code | Home library | Current library | Shelving location | Date acquired | Total Checkouts | Full call number | Barcode | Date last seen | Date checked out | Copy number | Price effective from | Koha item type |
|---|---|---|---|---|---|---|---|---|---|---|---|---|---|---|---|---|---|
| Library of Congress Classification | Main Collection | ARRUPE LIBRARY | ARRUPE LIBRARY | 05/03/2013 | 14 | B415.T5713 1999 | 46003075879 | 03/10/2022 | 17/09/2022 | 1 | 05/03/2013 | Monograph ( Printed materials) |